El renacimiento en Italia

Guardat en:
Dades bibliogràfiques
Autor principal: Addington Symonds, John (Autor)
Format: Llibre
Idioma:espanyol
Publicat: Ciudad de México Fondo de Cultura Económica 1957
Col·lecció:Sección Obras de Historia
Matèries:
Etiquetes: Afegir etiqueta
Sense etiquetes, Sigues el primer a etiquetar aquest registre!

MARC

LEADER 00000nam a2200000 a 4500
001 UCO0878
003 CL-VaPUC
008 000428e19570000MX |||||||||||||||||spa|d
082 0 4 |a 945.05  |b ADD  |2 21 
100 0 |a Addington Symonds, John  |e author  |9 442467 
245 1 3 |a El renacimiento en Italia 
300 |a 2 v 
942 |c BK 
945 |d 20000428 00:00:00  |a rherrera 
260 |a Ciudad de México  |b Fondo de Cultura Económica  |c 1957 
500 |a v.1: La Epoca de los Déspotas - Las Artes Plásticas 
500 |a v.2: La Literatura Italiana - La Reacción Católica 
650 0 |a Historia de Italia  |9 362027 
650 0 |a Renacimiento italiano  |9 268631 
650 0 |a Arte italiano  |9 265547 
650 7 |a DESPOTISMO  |2 CL-VaPUC  |9 257457 
650 0 |a Literatura italiana  |9 266970 
651 0 |a Italia  |9 254949 
583 |a last modification  |c 20000428 00:00:00  |k Rodrigo Vera 
490 0 |a Sección Obras de Historia 
999 |c 287518  |d 287516 
952 |0 0  |1 0  |4 0  |6 945_050000000000000_ADD_1957  |7 0  |8 A  |9 334403  |a BIBHIS  |b BIBHIS  |d 2019-11-20  |h v.1  |i 126737K  |o 945.05 ADD 1957  |p 126737K  |r 2025-01-20  |w 2019-11-20  |y BK  |k HIS 
952 |0 0  |1 0  |4 0  |6 945_050000000000000_ADD_1957  |7 0  |8 A  |9 334404  |a BIBHIS  |b BIBHIS  |d 2019-11-20  |h v.2  |i 1267388  |o 945.05 ADD 1957  |p 1267388  |r 2025-01-20  |w 2019-11-20  |y BK  |k HIS